000 00320nam a2200133Ia 4500
008 191201s2012 xx 000 0 und d
100 _aCENGEL, Yumus A
245 0 _aThermodynamics: An Engineering Approach
250 _aRep
260 _aN.Delhi
_bTMH
_c2012
300 _a978
650 _aB.Tech(ME)
942 _2ddc
_cBK
999 _c5635
_d5635